000 00956nam a22002057a 4500
005 20240521104550.0
010 _aHIN-127573
020 _a9788195477838
_c500.00
035 _aHN-99919
037 _bDBAD
082 _a230
100 _aचतुर्वेदी, यतीन्द्र नाथ
_966539
245 _aकाशी के प्रमुख व्रत और तीर्थ स्नान/
_cयतीन्द्र नाथ चतुर्वेदी
250 _a1
260 _aवाराणसी (उ.प्र.)
_bअक्षर प्लांट
_c2023
270 _aचतुर्थतल 3/16 आवास विकास कालोनी दुर्गाकुण्ड
_bवाराणसी (उ.प्र.)
_e221005
300 _a144पृ;
_c21सेमी (साजिल्द)
650 _aहिन्दी
_966540
942 _adpl
_cHN
_2ddc
_h230
_mचतुर्वे
999 _c202496
_d202496